Entry Personal Name
Number of records used in: 2
001 - CONTROL NUMBER
003 - CONTROL NUMBER IDENTIFIER
005 - DATE AND TIME OF LATEST TRANSACTION
- control field:
20221216133557.0
008 - FIXED-LENGTH DATA ELEMENTS
- fixed length control field:
221216|| aca||aabn | a|a d
040 ## - CATALOGING SOURCE
- Original cataloging agency:
OSt
- Transcribing agency:
OSt
100 ## - HEADING--PERSONAL NAME
- Personal name:
CHATTERJEE'S ,CC
670 ## - SOURCE DATA FOUND
- Source citation:
Work cat.: (OSt)8064: CHATTERJEE'S ,CC, HUMAN PHYSIOLOGY -VOL-1, 2020